| 000 | 01301cam a2200337 a 4500 | ||
|---|---|---|---|
| 001 | 15158186 | ||
| 003 | GBCCL | ||
| 005 | 20241126110352.0 | ||
| 008 | 080128s2008 miu b 001 0 eng | ||
| 010 | _a 2008003931 | ||
| 020 | _a9780801031786 (pbk.) | ||
| 020 | _a0801031788 (pbk.) | ||
| 035 | _a(OCoLC)ocn191898116 | ||
| 035 |
_a(OCoLC)191898116 _z(OCoLC)182737970 |
||
| 040 |
_aDLC _cDLC _dDLC |
||
| 050 | 0 | 0 |
_aBS476 _b.T74 2008 |
| 082 | 0 | 0 |
_a220.6 _222 _bTRE |
| 100 | 1 |
_aTreier, Daniel J., _d1972- _91789 |
|
| 245 | 1 | 0 |
_aIntroducing theological interpretation of Scripture : _brecovering a Christian practice / _cDaniel J. Treier. |
| 260 |
_aGrand Rapids, Mich. : _bBaker Academic, _cc2008. |
||
| 300 |
_a221 p. ; _c22 cm. |
||
| 504 | _aIncludes bibliographical references (p. 207-213) and indexes. | ||
| 505 | 0 | _aCatalysts and common themes -- Continuing challenges. | |
| 630 | 0 | 0 |
_aBible _xHermeneutics. _91790 |
| 630 | 0 | 0 |
_aBible _xCriticism, interpretation, etc. _9144 |
| 630 | 0 | 0 |
_aBible _xTheology. _9357 |
| 856 | 4 | 1 |
_3Table of contents only _uhttp://www.loc.gov/catdir/toc/ecip0810/2008003931.html |
| 906 |
_a7 _bcbc _corignew _d1 _eecip _f20 _gy-gencatlg |
||
| 942 |
_2ddc _cBK _01 |
||
| 999 |
_c1037 _d1037 |
||